Valtiot, joiden nimessä on S - Statistics

Yleistilastot
  • Tätä visaa on pelattu 1 318 kertaa
  • Keskiarvotulos 65 / 80
Vastaustilastot
vihje valtio % Oikein
1 x S Suomi
99%
1 x S Espanja
93%
1 x S Islanti
93%
2 x S Saksa
93%
1 x S Slovakia
93%
1 x S Slovenia
93%
1 x S Yhdysvallat
93%
1 x S Ruotsi
92%
2 x S Yhdistynyt kuningaskunta
92%
1 x S Somalia
91%
1 x S Sudan
91%
1 x S Australia
90%
1 x S Ranska
90%
1 x S Serbia
90%
1 x S Tanska
89%
1 x S Etelä-Sudan
87%
1 x S Senegal
87%
1 x S Syyria
87%
1 x S Turkmenistan
87%
2 x S Uusi-Seelanti
87%
1 x S Brasilia
86%
1 x S San Marino
86%
1 x S Afganistan
85%
1 x S Pakistan
85%
1 x S Sambia
85%
1 x S Samoa
85%
2 x S Sveitsi
84%
1 x S Tadžikistan
84%
2 x S Bosnia ja Hertsegovina
83%
1 x S Israel
83%
2 x S Salomonsaaret
83%
1 x S Seychellit
83%
1 x S Indonesia
82%
1 x S Pohjois-Korea
82%
3 x S Saint Kitts ja Nevis
82%
1 x S Saint Lucia
82%
1 x S Saudi-Arabia
82%
1 x S Uzbekistan
82%
1 x S Yhdistyneet arabiemiirikunnat
82%
1 x S Saint Vincent ja Grenadiinit
81%
1 x S Singapore
81%
1 x S Suriname
81%
1 x S Kazakstan
80%
1 x S Meksiko
80%
1 x S Sri Lanka
80%
1 x S Tšekki
80%
1 x S Kirgisia
79%
1 x S Kosovo
79%
1 x S Liechtenstein
79%
1 x S Malesia
79%
1 x S Pohjois-Makedonia
79%
1 x S Sierra Leone
79%
1 x S Laos
78%
2 x S Marshallinsaaret
78%
1 x S Tansania
78%
1 x S Honduras
77%
1 x S Kongon demokraattinen tasavalta
77%
1 x S Kongon tasavalta
77%
1 x S Kypros
77%
1 x S Mikronesia
77%
1 x S Tunisia
77%
1 x S Bangladesh
75%
1 x S Madagaskar
75%
1 x S Norsunluurannikko
75%
1 x S São Tomé ja Príncipe
75%
1 x S Tšad
75%
1 x S Dominikaaninen tasavalta
74%
2 x S Keski-Afrikan tasavalta
74%
1 x S Lesotho
74%
1 x S El Salvador
73%
1 x S Barbados
71%
1 x S Botswana
71%
1 x S Mauritius
71%
1 x S Mosambik
71%
1 x S Burkina Faso
70%
1 x S Costa Rica
70%
1 x S Päiväntasaajan Guinea
69%
1 x S Eswatini
66%
2 x S Guinea-Bissau
63%
1 x S Papua-Uusi-Guinea
61%
Ehtoja vastaavia visoja ei löytynyt
Tulosjakauma
Jokaisen tuloksen saaneiden osuus
Persentiili vastausten määrän mukaan
Tuloshistoriasi
Et ole pelannut tätä visaa